000 00680nam a2200181Ia 4500
008 100920s9999 xx 000 0 und d
082 _b26417
_a--- थ 73
100 _aआपटे हरि नारायण.
245 _aआजच ! एक सामाजिक कादंबरी.
260 _bरम्यकथा प्रकाशन, पुणें 2.
_c1973
300 _a259
_bसाधी
365 _b8
520 _aकादंबरी.
630 _aआजच ! एक सामाजिक कादंबरी.
650 _aकादंबरी.
730 _aआजच ! एक सामाजिक कादंबरी.
942 _cBOOK
999 _c683768
_d683765